000 00258nam a2200097Ia 4500
001 795980
005 20250826170738.0
008 250824s9999 xx 000 0 und d
245 0 _aİSLAM VE AVRUPA
_cORHAN GÖKÇE-GÜLİSE GÖKÇE
260 _bÇİZGİ YAYINLARI
999 _c795980
_d795980